[Event "XIV American Continental"]
[Site "Sao Paulo BRA"]
[Date "2019.07.09"]
[Round "7.73"]
[White "Amaral, Danilo Tokechi"]
[Black "Torella, Rodolfo"]
[Result "0-1"]
[WhiteElo "1432"]
[BlackElo "2047"]
[EventDate "2019.07.05"]
[PlyCount "60"]
[EventRounds "11"]
[EventCountry "BRA"]

1.e4 c5 2.Nf3 Nc6 3.Bb5 e6 4.c3 Nge7 5.O-O a6 6.Ba4 b5 7.Bc2 Bb7 8.d4 cxd4
9.cxd4 Nb4 10.Nc3 Nxc2 11.Qxc2 Rc8 12.Qe2 Ng6 13.e5 f5 14.exf6 Qxf6 15.d5 
Rxc3 16.bxc3 Bxd5 17.Rd1 Qxc3 18.Bb2 Qc4 19.Qxc4 bxc4 20.Ne5 Nf4 21.g3 
Nh3+ 22.Kf1 Bc5 23.Bd4 Ba3 24.f4 d6 25.Nxc4 Bxc4+ 26.Kg2 e5 27.Re1 O-O 28.
fxe5 Ng5 29.exd6 Bd5+ 30.Kg1 Nh3# 0-1

[Event "XIV American Continental"]
[Site "Sao Paulo BRA"]
[Date "2019.07.09"]
[Round "7.74"]
[White "Do Nascimento, Christian Almeida"]
[Black "Moro, Antonio Renato Pereira"]
[Result "1-0"]
[WhiteElo "2033"]
[BlackElo "1927"]
[EventDate "2019.07.05"]
[PlyCount "73"]
[EventRounds "11"]
[EventCountry "BRA"]

1.d4 Nf6 2.Bg5 d5 3.Bxf6 exf6 4.e3 Bb4+ 5.c3 Bd6 6.Bd3 g6 7.Nd2 O-O 8.h4 
h5 9.Ne2 c5 10.dxc5 Bxc5 11.Nf4 Kg7 12.Qc2 Bg4 13.Bxg6 Rh8 14.Bf5 Nc6 15.
Bxg4 hxg4 16.Qf5 Ne5 17.Nh5+ Rxh5 18.Qxh5 Nd3+ 19.Ke2 Ne5 20.f4 gxf3+ 21.
gxf3 Qe7 22.f4 Rh8 23.Qf5 Ng6 24.Rh3 Rh5 25.Qg4 f5 26.Qf3 d4 27.Rg1 dxe3 
28.Nb3 Kf6 29.Rg5 Rxh4 30.Rxh4 Nxh4 31.Qh3 Qe4 32.Qxh4 Qc2+ 33.Kf3 Qe4+ 
34.Kg3 Bb6 35.Rg8+ Ke6 36.Re8+ Kd5 37.Rxe4 1-0

[Event "XIV American Continental"]
[Site "Sao Paulo BRA"]
[Date "2019.07.09"]
[Round "7.75"]
[White "Portes Junior, Dirceu Atanazio"]
[Black "De Freitas, Julio Eimard"]
[Result "0-1"]
[WhiteElo "2019"]
[BlackElo "1799"]
[EventDate "2019.07.05"]
[PlyCount "112"]
[EventRounds "11"]
[EventCountry "BRA"]

1.d4 d5 2.c4 c6 3.Nf3 Nf6 4.e3 Bf5 5.Nc3 e6 6.Qb3 Qb6 7.Nh4 Qxb3 8.axb3 
Bc2 9.c5 Bxb3 10.Bd3 a5 11.Ra3 a4 12.Nxa4 Bxa4 13.b3 Be7 14.Nf3 b6 15.Rxa4
Rxa4 16.bxa4 bxc5 17.dxc5 Bxc5 18.Bd2 Nbd7 19.Bc3 O-O 20.Kd2 Ne4+ 21.Bxe4 
dxe4 22.Ng5 Nb6 23.Nxe4 Nxa4 24.Nxc5 Nxc5 25.Ke2 Ne4 26.Ba5 Ra8 27.Rd1 f6 
28.Rd8+ Rxd8 29.Bxd8 Kf7 30.f3 Ke8 31.Ba5 Nc5 32.Bb4 Nb7 33.Kd3 c5 34.Ba3 
Kd7 35.e4 Kc6 36.g4 e5 37.Bc1 Kb5 38.g5 c4+ 39.Kc3 Nc5 40.gxf6 gxf6 41.Bh6
Ne6 42.h3 Kc5 43.Be3+ Nd4 44.f4 Kb5 45.fxe5 fxe5 46.Bh6 Ne2+ 47.Kc2 Kc5 
48.Be3+ Kb4 49.Bh6 Nd4+ 50.Kc1 Kb3 51.Kd2 c3+ 52.Kd3 Kb2 53.Kc4 c2 54.Kd5 
Nf3 55.Ke6 c1=Q 56.Bxc1+ Kxc1 0-1

[Event "XIV American Continental"]
[Site "Sao Paulo BRA"]
[Date "2019.07.09"]
[Round "7.76"]
[White "Japiassu, Ricardo de Villa Nova"]
[Black "Frattini, Beatriz Maria"]
[Result "1-0"]
[WhiteElo "1990"]
[BlackElo "1858"]
[EventDate "2019.07.05"]
[PlyCount "53"]
[EventRounds "11"]
[EventCountry "BRA"]

1.c4 c5 2.g3 Nf6 3.Bg2 d5 4.cxd5 Nxd5 5.Nc3 Nc7 6.Nf3 Nc6 7.O-O g6 8.Na4 
b6 9.d4 cxd4 10.Bf4 Bb7 11.Nxd4 Nxd4 12.Bxb7 Rb8 13.Bxc7 Qxc7 14.Qxd4 e5 
15.Qd5 Rxb7 16.Rac1 Qb8 17.Qc6+ Rd7 18.Rfd1 Qb7 19.Qf6 Rg8 20.Qxe5+ Be7 
21.Nc3 Kf8 22.Nd5 h5 23.Rd3 Bd8 24.e4 h4 25.Rcc3 hxg3 26.hxg3 Rg7 27.Rc8 
1-0

[Event "XIV American Continental"]
[Site "Sao Paulo BRA"]
[Date "2019.07.09"]
[Round "7.77"]
[White "Bassani, Jaison Jose"]
[Black "Costa, Iaggo Bernini"]
[Result "1-0"]
[WhiteElo "1973"]
[BlackElo "1507"]
[EventDate "2019.07.05"]
[PlyCount "51"]
[EventRounds "11"]
[EventCountry "BRA"]

1.e4 e5 2.Nf3 Nf6 3.Nxe5 d6 4.Nf3 Nxe4 5.Nc3 Nxc3 6.dxc3 Be7 7.Be3 O-O 8.
Qd2 Bf5 9.O-O-O Nc6 10.Kb1 a5 11.Be2 Qd7 12.h3 h6 13.g4 Bg6 14.h4 Qxg4 15.
Rdg1 Qe6 16.h5 Bh7 17.Bxh6 Bf6 18.Bxg7 Bxg7 19.h6 Bg6 20.hxg7 Kxg7 21.Qh6+
Kf6 22.Bd3 Rh8 23.Qg5+ Kg7 24.Nh4 Ne5 25.Nf5+ Kg8 26.Rxh8+ 1-0

[Event "XIV American Continental"]
[Site "Sao Paulo BRA"]
[Date "2019.07.09"]
[Round "7.78"]
[White "Dos Santos, Fabio Alexandre"]
[Black "Cella, Glaucio Dalla Cortt"]
[Result "0-1"]
[WhiteElo "1821"]
[BlackElo "1962"]
[EventDate "2019.07.05"]
[PlyCount "49"]
[EventRounds "11"]
[EventCountry "BRA"]

1.c4 Nf6 2.Nc3 c6 3.d4 d5 4.Nf3 Bg4 5.Ne5 Bf5 6.Qb3 Qb6 7.c5 Qxb3 8.axb3 
Na6 9.Nxc6 Nxc5 10.Na5 Na6 11.Nxb7 Rb8 12.Rxa6 Rxb7 13.e3 e6 14.Bb5+ Kd8 
15.Bc6 Rb6 16.Rxb6 axb6 17.O-O Kc7 18.Bb5 Be7 19.f3 Kb7 20.Bd2 Bc2 21.Ba4 
Bb4 22.Rf2 Bd6 23.Bb5 Bc7 24.Ba4 Bd3 25.Nb5 0-1

[Event "XIV American Continental"]
[Site "Sao Paulo BRA"]
[Date "2019.07.09"]
[Round "7.79"]
[White "Silva, Rodrigo Ferreira da"]
[Black "Monteiro, Marcos Paulo de Souza"]
[Result "1-0"]
[WhiteElo "1803"]
[BlackElo "1953"]
[EventDate "2019.07.05"]
[PlyCount "57"]
[EventRounds "11"]
[EventCountry "BRA"]

1.e4 c6 2.d4 d5 3.Nd2 dxe4 4.Nxe4 Bf5 5.Ng3 Bg6 6.Nf3 Nd7 7.Bd3 Ngf6 8.
Bxg6 hxg6 9.O-O e6 10.Bg5 Qc7 11.c4 Bd6 12.Qc2 O-O-O 13.c5 Bf4 14.Bxf4 
Qxf4 15.Qc1 Qc7 16.Re1 Nf8 17.b4 Rd5 18.Re5 Rxd4 19.b5 Rd3 20.Re2 Rd5 21.
Qa3 Kb8 22.Rb2 N8d7 23.Rc1 Rc8 24.Ne2 Nxc5 25.Ned4 Nfe4 26.bxc6 b6 27.Nb5 
Rd3 28.Rb3 Rxb3 29.axb3 1-0

[Event "XIV American Continental"]
[Site "Sao Paulo BRA"]
[Date "2019.07.09"]
[Round "7.80"]
[White "Brito, Vicente de Paulo Alencar"]
[Black "Pereira Vera, Henry Alberto"]
[Result "0-1"]
[WhiteElo "1948"]
[BlackElo "1790"]
[EventDate "2019.07.05"]
[PlyCount "63"]
[EventRounds "11"]
[EventCountry "BRA"]

1.e4 d5 2.e5 Bf5 3.d4 e6 4.Nf3 c5 5.Bb5+ Nc6 6.O-O Qb6 7.Bxc6+ bxc6 8.c3 
Bg6 9.a3 cxd4 10.cxd4 Ne7 11.Nc3 Nf5 12.g4 Ne7 13.Na4 Qc7 14.Bg5 h5 15.h3 
hxg4 16.hxg4 Be4 17.Nc5 f6 18.Bf4 Ng6 19.Bh2 Bxc5 20.dxc5 Nxe5 21.Nxe5 
Qxe5 22.f4 Qxb2 23.Rf2 Qc3 24.Re2 Qf3 25.Rxe4 Qxe4 26.Qd2 Rb8 27.Re1 Rb1 
28.Rxb1 Qxb1+ 29.Kg2 Qe4+ 30.Kg1 Rh4 31.Qd1 Qe3+ 32.Kh1 0-1

[Event "XIV American Continental"]
[Site "Sao Paulo BRA"]
[Date "2019.07.09"]
[Round "7.81"]
[White "Da Silva, Jefferson Rian Ferreir"]
[Black "Jenidarchiche, Douglas Rodrigo"]
[Result "0-1"]
[WhiteElo "1936"]
[BlackElo "1754"]
[EventDate "2019.07.05"]
[PlyCount "62"]
[EventRounds "11"]
[EventCountry "BRA"]

1.e4 c5 2.Nf3 Nc6 3.d4 cxd4 4.Nxd4 g6 5.c4 Bg7 6.Be3 Nf6 7.Nc3 d6 8.Be2 
O-O 9.Nb3 b6 10.f3 Be6 11.Qd2 Rc8 12.Nd5 Ne5 13.Rc1 Qd7 14.Nd4 Bxd5 15.
exd5 a6 16.h4 Nh5 17.Bf2 Nf6 18.h5 b5 19.hxg6 hxg6 20.b3 bxc4 21.bxc4 Qa4 
22.Qc2 Qa3 23.Qd2 Rb8 24.O-O Rb2 25.Rc2 Rfb8 26.Rfc1 Qxa2 27.Rxb2 Rxb2 28.
Qd1 Qa3 29.f4 Ned7 30.Nc6 Rxe2 31.Ra1 Qb2 0-1

[Event "XIV American Continental"]
[Site "Sao Paulo BRA"]
[Date "2019.07.09"]
[Round "7.82"]
[White "Feller, Gabriela Luisa Vicente"]
[Black "Moccero, Eduardo"]
[Result "1/2-1/2"]
[WhiteElo "1710"]
[BlackElo "1933"]
[EventDate "2019.07.05"]
[PlyCount "106"]
[EventRounds "11"]
[EventCountry "BRA"]

1.e4 Nc6 2.Nf3 d5 3.exd5 Qxd5 4.Nc3 Qf5 5.Bb5 Qe6+ 6.Be2 Nf6 7.O-O g6 8.
Re1 Bg7 9.d4 Qd6 10.Nb5 Qd8 11.d5 Nb4 12.c4 O-O 13.Bf4 Na6 14.Qb3 Bd7 15.
Rad1 Bxb5 16.Qxb5 Qc8 17.c5 Nxd5 18.c6 bxc6 19.Qxa6 Nxf4 20.Qxc6 Nxe2+ 21.
Rxe2 Rd8 22.Rxd8+ Qxd8 23.b3 Qd1+ 24.Re1 Rd8 25.Qxc7 Qd7 26.Qc5 Bf6 27.h3 
Rc8 28.Qe3 Rc2 29.Ne5 Qc7 30.Ng4 Rxa2 31.Nxf6+ exf6 32.Qh6 Qd8 33.h4 Ra5 
34.g4 Re5 35.Rc1 Qd7 36.Qf4 Kg7 37.Kg2 Qb7+ 38.Qf3 Qxf3+ 39.Kxf3 Rb5 40.
Rc3 Rb4 41.Kg3 a5 42.f3 h6 43.Rc5 g5 44.h5 Rxb3 45.Rxa5 Rb4 46.Rf5 Ra4 47.
Rb5 Rf4 48.Rf5 Rxf5 49.gxf5 Kf8 50.Kf2 Ke7 51.Ke3 Kd7 52.Kd3 Kc6 53.Kc4 
Kd6 1/2-1/2

[Event "XIV American Continental"]
[Site "Sao Paulo BRA"]
[Date "2019.07.09"]
[Round "7.83"]
[White "Do Prado, Hamilton Mesquita"]
[Black "Correa, Jose Augusto"]
[Result "0-1"]
[WhiteElo "1675"]
[BlackElo "1911"]
[EventDate "2019.07.05"]
[PlyCount "60"]
[EventRounds "11"]
[EventCountry "BRA"]

1.d4 d5 2.Bf4 e6 3.e3 Bd6 4.Bg3 f5 5.Nf3 Nf6 6.Ne5 O-O 7.c4 c6 8.c5 Bc7 9.
b4 Nbd7 10.Nxd7 Bxd7 11.Nd2 Ne4 12.Bxc7 Qxc7 13.Nf3 Be8 14.Ne5 a5 15.a3 
Qd8 16.Bd3 Qf6 17.O-O Qh6 18.Bxe4 fxe4 19.Qg4 Rf5 20.f4 exf3 21.Nxf3 Qxe3+
22.Kh1 Bh5 23.Qh3 Bxf3 24.Rxf3 Rxf3 25.gxf3 Qxd4 26.Qxe6+ Kh8 27.Re1 Qf4 
28.Qd6 Qf6 29.Re6 Qxf3+ 30.Kg1 Rf8 0-1

[Event "XIV American Continental"]
[Site "Sao Paulo BRA"]
[Date "2019.07.09"]
[Round "7.84"]
[White "Moyses Sobrinho, Elias"]
[Black "Itagyba, Renan Fortes"]
[Result "1-0"]
[WhiteElo "1906"]
[BlackElo "1719"]
[EventDate "2019.07.05"]
[PlyCount "78"]
[EventRounds "11"]
[EventCountry "BRA"]

1.d4 Nf6 2.c4 g6 3.Nc3 Bg7 4.e4 d6 5.Nf3 O-O 6.Bg5 c5 7.Be2 cxd4 8.Nxd4 
Nc6 9.O-O a6 10.Nxc6 bxc6 11.Qd2 Rb8 12.b3 Qc7 13.Bh6 Rd8 14.Bxg7 Kxg7 15.
Rad1 Bb7 16.Bf3 Rd7 17.h4 Rbd8 18.Qf4 e5 19.Qe3 d5 20.exd5 cxd5 21.cxd5 
Nxd5 22.Nxd5 Bxd5 23.Rc1 Qd6 24.Bxd5 Qxd5 25.Rc5 Qd4 26.Qxe5+ Qxe5 27.Rxe5
Rd5 28.Rfe1 Kf6 29.Rxd5 Rxd5 30.Re4 Ra5 31.a4 Re5 32.Rb4 a5 33.Rb7 h5 34.
g3 Re7 35.Rb8 Re4 36.Kg2 Kf5 37.Kf3 Re5 38.b4 Re4 39.b5 Rb4 1-0

[Event "XIV American Continental"]
[Site "Sao Paulo BRA"]
[Date "2019.07.09"]
[Round "7.85"]
[White "Andreata, Mauro Antonio"]
[Black "Baeta, Marcio Netto"]
[Result "0-1"]
[WhiteElo "1648"]
[BlackElo "1903"]
[EventDate "2019.07.05"]
[PlyCount "70"]
[EventRounds "11"]
[EventCountry "BRA"]

1.d4 Nf6 2.c4 e5 3.e3 e4 4.Nc3 Bb4 5.Bd2 a5 6.Nge2 c6 7.c5 d5 8.cxd6 Bxd6 
9.g3 h5 10.Bg2 Qe7 11.Qc2 Bf5 12.a4 h4 13.O-O-O h3 14.Bf1 Na6 15.Nf4 Nb4 
16.Qb1 g5 17.Be2 gxf4 18.gxf4 Be6 19.Rdg1 Bb3 20.Be1 Qe6 21.Rg5 Bc2 22.Qa1
Qb3 23.Kd2 Nd3 24.Rhg1 Bxf4 25.exf4 Nxf4 26.Bc4 Qxc4 27.Kxc2 Ne2 28.Rh1 
Nd5 29.Rxd5 cxd5 30.b3 Qd3+ 31.Kb2 Rc8 32.Qd1 Rxc3 33.Bxc3 Qxc3+ 34.Ka2 
Qd3 35.Qf1 Qc2+ 0-1

[Event "XIV American Continental"]
[Site "Sao Paulo BRA"]
[Date "2019.07.09"]
[Round "7.86"]
[White "Dos Santos, Matheus Garcett Souza"]
[Black "Mesquita, Arnaldo Leite"]
[Result "1-0"]
[WhiteElo "1874"]
[BlackElo "1703"]
[EventDate "2019.07.05"]
[PlyCount "79"]
[EventRounds "11"]
[EventCountry "BRA"]

1.e4 Nf6 2.e5 Nd5 3.d4 d6 4.Nf3 Bg4 5.Bc4 e6 6.Bb3 dxe5 7.dxe5 c6 8.Qe2 
Nd7 9.Bxd5 cxd5 10.Bf4 Rc8 11.c3 Rc4 12.Be3 Nxe5 13.Bxa7 Qf6 14.Nbd2 Bxf3 
15.gxf3 Rc6 16.Bd4 Bd6 17.Rg1 Rg8 18.Qe3 Qf5 19.Ke2 Nc4 20.Nxc4 Bf4 21.Qd3
Qxd3+ 22.Kxd3 dxc4+ 23.Kc2 e5 24.Be3 Rf6 25.Rae1 Kd7 26.Bxf4 exf4 27.Re4 
b5 28.Rg5 Rh6 29.Rxb5 Kc6 30.Rf5 Rxh2 31.Rxc4+ Kd6 32.Rd4+ Ke6 33.Rfxf4 
Rxf2+ 34.Kb3 f5 35.Rh4 h5 36.f4 Rb8+ 37.Rb4 Rd8 38.Rb6+ Kd5 39.Rb5+ Ke4 
40.a4 1-0

[Event "XIV American Continental"]
[Site "Sao Paulo BRA"]
[Date "2019.07.09"]
[Round "7.87"]
[White "Dabraccio, Guillermo"]
[Black "Crocitti, Daniel"]
[Result "1/2-1/2"]
[WhiteElo "1611"]
[BlackElo "1873"]
[EventDate "2019.07.05"]
[PlyCount "131"]
[EventRounds "11"]
[EventCountry "BRA"]

1.d4 Nf6 2.c4 e6 3.Nf3 b6 4.Nc3 Bb4 5.a3 Bxc3+ 6.bxc3 O-O 7.Bg5 Bb7 8.e3 
h6 9.Bh4 d6 10.Bd3 Nbd7 11.O-O e5 12.Nd2 Re8 13.f3 Nf8 14.Qc2 g5 15.Bf2 
Kg7 16.Rab1 Ba6 17.Rfd1 N8d7 18.Qa4 Bb7 19.Bf5 Re7 20.e4 c5 21.Nb3 Qc7 22.
Nd2 Bc6 23.Qc2 Bb7 24.Nf1 Rd8 25.Ng3 Nf8 26.Bh3 Ree8 27.dxc5 dxc5 28.Nf5+ 
Kh7 29.Rxd8 Rxd8 30.Ne3 Bc8 31.Nd5 Qd6 32.Bxc8 Rxc8 33.h4 Kg6 34.hxg5 hxg5
35.g3 Kg7 36.Kg2 Ng6 37.Ne3 Ne7 38.Rd1 Qe6 39.g4 Nfg8 40.Qd2 Rc7 41.Nd5 
Nxd5 42.Qxg5+ Kf8 43.Rxd5 Re7 44.Bh4 f6 45.Qd2 Kf7 46.g5 Rc7 47.gxf6 Nxf6 
48.Rd6 Nxe4 49.fxe4 Qg4+ 50.Bg3 Qxe4+ 51.Kh2 Qh7+ 52.Qh6 Qxh6+ 53.Rxh6 Rc8
54.Bxe5 Re8 55.Bf4 Re4 56.Kg3 Rxc4 57.Bd2 Ra4 58.Bc1 Kg7 59.Rh4 Rxh4 60.
Kxh4 Kf6 61.Bf4 a6 62.a4 b5 63.axb5 axb5 64.Kg4 Ke6 65.Kf3 Kd5 66.Ke3 
1/2-1/2

[Event "XIV American Continental"]
[Site "Sao Paulo BRA"]
[Date "2019.07.09"]
[Round "7.89"]
[White "Andrade, Guilherme Alves de Souza"]
[Black "Ferreira, Caio Tulio Moreira"]
[Result "1-0"]
[WhiteElo "1867"]
[BlackElo "1579"]
[EventDate "2019.07.05"]
[PlyCount "53"]
[EventRounds "11"]
[EventCountry "BRA"]

1.d4 Nf6 2.Bf4 g6 3.e3 Bg7 4.Nf3 O-O 5.Be2 d5 6.h3 c5 7.c3 cxd4 8.exd4 Nc6
9.O-O a6 10.Nbd2 Ne4 11.a4 Re8 12.Re1 e5 13.dxe5 Nxe5 14.Nxe4 dxe4 15.Qxd8
Nxf3+ 16.Bxf3 Rxd8 17.Bxe4 Bf8 18.Rad1 Be7 19.Rxd8+ Bxd8 20.Bf3 Bd7 21.b3 
Bf6 22.Bxb7 Ra7 23.Bd5 Bxc3 24.Rc1 Bd4 25.Bb8 Be6 26.Bxa7 Bxa7 27.Bxe6 1-0

[Event "XIV American Continental"]
[Site "Sao Paulo BRA"]
[Date "2019.07.09"]
[Round "7.90"]
[White "Pereira Filho, Hildebrando Apolonio"]
[Black "Cabral, Denrick"]
[Result "0-1"]
[WhiteElo "1573"]
[BlackElo "1863"]
[EventDate "2019.07.05"]
[PlyCount "58"]
[EventRounds "11"]
[EventCountry "BRA"]

1.c4 Nf6 2.Nf3 g6 3.b3 Bg7 4.Bb2 O-O 5.Nc3 c5 6.g3 d5 7.cxd5 Nxd5 8.Bg2 
Nc6 9.O-O Bf5 10.Na4 Bxb2 11.Nxb2 Qd7 12.Rc1 b6 13.d3 Bh3 14.Nc4 Bxg2 15.
Kxg2 Qb7 16.Qd2 Nd4 17.Nce5 f6 18.Ng4 Rad8 19.e4 Nxf3 20.Kxf3 f5 21.Ne5 
fxe4+ 22.Ke2 exd3+ 23.Kd1 Nb4 24.f4 Qd5 25.Rc3 Qxe5 26.Re1 Qd5 27.Kc1 
Nxa2+ 28.Kb2 Nxc3 29.Qxc3 Qd4 0-1

[Event "XIV American Continental"]
[Site "Sao Paulo BRA"]
[Date "2019.07.09"]
[Round "7.91"]
[White "Haraguchi, Diego Sashaki"]
[Black "Pascheto, Ademir Heleno"]
[Result "1/2-1/2"]
[WhiteElo "1634"]
[BlackElo "1827"]
[EventDate "2019.07.05"]
[PlyCount "78"]
[EventRounds "11"]
[EventCountry "BRA"]

1.d4 Nf6 2.c4 c5 3.d5 e6 4.Nc3 exd5 5.cxd5 d6 6.e4 g6 7.Bc4 Bg7 8.Nf3 O-O 
9.O-O a6 10.a4 Bg4 11.h3 Bxf3 12.Qxf3 Nbd7 13.Bf4 Qc7 14.a5 Rfe8 15.Rfe1 
Ne5 16.Bxe5 Rxe5 17.Bd3 Nd7 18.g4 Ree8 19.Qg3 b5 20.axb6 Qxb6 21.Na4 Qb3 
22.Ra3 Qb4 23.Rea1 Ne5 24.Bc2 Nc4 25.Rb3 Qd2 26.Qd3 Qxd3 27.Bxd3 Ne5 28.
Bc2 Nc4 29.Nb6 Nxb6 30.Rxb6 Reb8 31.Rbxa6 Be5 32.b3 Rxa6 33.Rxa6 Rb4 34.
Ra4 Rb6 35.Kg2 Kg7 36.h4 g5 37.hxg5 Kg6 38.Ra7 Rb4 39.Re7 Rd4 1/2-1/2

[Event "XIV American Continental"]
[Site "Sao Paulo BRA"]
[Date "2019.07.09"]
[Round "7.92"]
[White "Melo, Igor de Souza"]
[Black "Caldas, Raphael C B R Leitao"]
[Result "1-0"]
[WhiteElo "1825"]
[BlackElo "1421"]
[EventDate "2019.07.05"]
[PlyCount "123"]
[EventRounds "11"]
[EventCountry "BRA"]

1.e4 e6 2.d4 d5 3.Nd2 Nc6 4.Ngf3 Nf6 5.e5 Nd7 6.Be2 f6 7.exf6 Qxf6 8.Nf1 
h6 9.Ne3 Bd6 10.O-O O-O 11.b3 Ne7 12.Ng4 Qg6 13.Nh4 Qh7 14.Bd3 Qh8 15.Bg6 
Nf5 16.Bxf5 exf5 17.Ng6 Qh7 18.Nxf8 Nxf8 19.Ne5 Ng6 20.f4 Nxe5 21.dxe5 
Bc5+ 22.Kh1 Be6 23.c3 Kf7 24.Rf3 Qg8 25.Rg3 g6 26.a4 a5 27.Be3 Bxe3 28.
Rxe3 g5 29.Qh5+ Qg6 30.Qxg6+ Kxg6 31.g3 Ra6 32.b4 axb4 33.cxb4 Rc6 34.Re2 
Rc4 35.fxg5 Kxg5 36.b5 b6 37.Kg1 Re4 38.Rxe4 fxe4 39.Rc1 d4 40.Kf2 e3+ 41.
Ke2 Bg4+ 42.Kd3 e2 43.Kxd4 Kf5 44.e6 Kxe6 45.Ke3 Kd7 46.Kf2 h5 47.Rh1 c6 
48.h3 Be6 49.bxc6+ Kxc6 50.Kxe2 Kc5 51.h4 Bg4+ 52.Kd2 Kb4 53.Rb1+ Ka5 54.
Rb5+ Kxa4 55.Rxb6 Ka5 56.Rb8 Ka6 57.Ke3 Ka7 58.Rb4 Ka6 59.Kf4 Ka5 60.Rb8 
Ka6 61.Kg5 Ka5 62.Rh8 1-0

[Event "XIV American Continental"]
[Site "Sao Paulo BRA"]
[Date "2019.07.09"]
[Round "7.94"]
[White "Hirota da Silva, Nilton"]
[Black "Souza Junior, Helemberg Cubica de"]
[Result "1-0"]
[WhiteElo "1881"]
[BlackElo "1714"]
[EventDate "2019.07.05"]
[PlyCount "83"]
[EventRounds "11"]
[EventCountry "BRA"]

1.d4 Nf6 2.Bg5 Ne4 3.Bh4 g5 4.f3 gxh4 5.fxe4 d5 6.e5 c5 7.Nc3 cxd4 8.Qxd4 
e6 9.e4 Nc6 10.Bb5 Bd7 11.Bxc6 Bxc6 12.exd5 Bxd5 13.Nxd5 Qxd5 14.Qxd5 exd5
15.Nf3 Rg8 16.O-O h6 17.g3 Bc5+ 18.Kh1 Ke7 19.Rad1 Ke6 20.Nd4+ Kxe5 21.
Rde1+ Kd6 22.Rf6+ Kc7 23.Rxf7+ Kb6 24.Re6+ Ka5 25.Nb3+ Kb5 26.a4+ Kc4 27.
Nd2+ Kb4 28.Rf4+ d4 29.c3+ Ka5 30.Nb3+ Kxa4 31.Nxc5+ Kb5 32.cxd4 b6 33.Nd3
h5 34.b3 Rg5 35.Re5+ Rxe5 36.dxe5 a5 37.Kg1 Rc8 38.Rd4 Re8 39.Kf2 Kc6 40.
Ke3 b5 41.Ke4 Rg8 42.Nf4 1-0

[Event "XIV American Continental"]
[Site "Sao Paulo BRA"]
[Date "2019.07.09"]
[Round "7.95"]
[White "Melo, Luiz Claudio Parijos de"]
[Black "Cordioli, Jairo Ribeiro"]
[Result "0-1"]
[WhiteElo "1695"]
[BlackElo "1871"]
[EventDate "2019.07.05"]
[PlyCount "82"]
[EventRounds "11"]
[EventCountry "BRA"]

1.d4 Nf6 2.Nf3 g6 3.Bf4 Bg7 4.e3 O-O 5.Nbd2 b6 6.Be2 Bb7 7.h3 d6 8.O-O c5 
9.c3 Nbd7 10.Qb3 Qc7 11.Rfe1 Rac8 12.Rac1 a6 13.a4 Rb8 14.Bc4 h6 15.Bh2 b5
16.axb5 Bc6 17.b6 Rxb6 18.Qa3 Qb7 19.Rb1 Rb8 20.Qa2 Bd5 21.Bxd5 Nxd5 22.c4
Nb4 23.Qb3 e5 24.dxe5 dxe5 25.e4 Nc6 26.Qa3 a5 27.b3 Rb4 28.Red1 Nf8 29.
Ne1 Rd8 30.Nc2 Nd4 31.Nxb4 axb4 32.Qa5 Nfe6 33.Kf1 Ra8 34.Qxa8+ Qxa8 35.
Ra1 Qb7 36.Ra5 Nc2 37.Nf3 Qxe4 38.Rd2 Ned4 39.Rxc5 Nxf3 40.gxf3 Qe1+ 41.
Kg2 Qxd2 0-1

[Event "XIV American Continental"]
[Site "Sao Paulo BRA"]
[Date "2019.07.09"]
[Round "7.96"]
[White "Borensztajn, David"]
[Black "Cadilhac, Mariana Sawae Kikuchi"]
[Result "1/2-1/2"]
[WhiteElo "1777"]
[BlackElo "1639"]
[EventDate "2019.07.05"]
[PlyCount "55"]
[EventRounds "11"]
[EventCountry "BRA"]

1.c4 c6 2.Nc3 Nf6 3.g3 d5 4.cxd5 cxd5 5.Bg2 Nc6 6.d4 e6 7.Nf3 Bd6 8.O-O 
O-O 9.Bg5 h6 10.Bxf6 Qxf6 11.e4 dxe4 12.Nxe4 Qe7 13.d5 exd5 14.Qxd5 Bc7 
15.Rfe1 Be6 16.Qc5 Rae8 17.Qxe7 Rxe7 18.Nc5 Bc8 19.Rxe7 Nxe7 20.Re1 Ng6 
21.h4 Rd8 22.h5 Nf8 23.Nb3 Nd7 24.Bh3 Nf6 25.Bxc8 Rxc8 26.Rc1 Nxh5 27.Nbd4
a6 28.Nf5 1/2-1/2

[Event "XIV American Continental"]
[Site "Sao Paulo BRA"]
[Date "2019.07.09"]
[Round "7.97"]
[White "Arruda Filho, Ivo Pereira de"]
[Black "Da Rosa, Henrique Jaze Simoes"]
[Result "1-0"]
[WhiteElo "1744"]
[BlackElo "1633"]
[EventDate "2019.07.05"]
[PlyCount "52"]
[EventRounds "11"]
[EventCountry "BRA"]

1.e4 c5 2.d4 cxd4 3.c3 Nf6 4.e5 Nd5 5.Nf3 Nc6 6.cxd4 d6 7.Bc4 Nb6 8.Bb3 
dxe5 9.d5 Na5 10.Nc3 Nxb3 11.Qxb3 f6 12.Be3 Kf7 13.Rd1 Bd7 14.a4 g6 15.a5 
Nc8 16.d6+ e6 17.Bc5 Bc6 18.Bb4 Qd7 19.Qa3 Bg7 20.O-O Rd8 21.Rd2 Bh6 22.
Rdd1 b6 23.Nd2 f5 24.Nc4 Bg7 25.f3 bxa5 26.Qxa5 Nb6 1-0

[Event "XIV American Continental"]
[Site "Sao Paulo BRA"]
[Date "2019.07.09"]
[Round "7.98"]
[White "Cabral Mesquita, Jussier"]
[Black "Leite, Tarcisio Dantas Frota"]
[Result "1-0"]
[WhiteElo "1728"]
[BlackElo "1571"]
[EventDate "2019.07.05"]
[PlyCount "93"]
[EventRounds "11"]
[EventCountry "BRA"]

1.e4 c5 2.Nf3 d6 3.d4 cxd4 4.Nxd4 a6 5.Be3 Qc7 6.Nc3 Nc6 7.Qd2 e6 8.Be2 
Nf6 9.f3 Be7 10.O-O-O b5 11.a3 O-O 12.Bg5 Bb7 13.Bxf6 Bxf6 14.Nxc6 Qxc6 
15.Qxd6 Bxc3 16.Qxc6 Bxb2+ 17.Kxb2 Bxc6 18.Rd6 Rac8 19.Rhd1 a5 20.c3 b4 
21.c4 Ba4 22.Rc1 Rc5 23.axb4 axb4 24.Bd1 Bc6 25.Bb3 e5 26.Ra1 h6 27.Ra6 
Rc8 28.Rb6 Be8 29.Rxb4 f6 30.Rdb6 Kh8 31.Rb8 Bf7 32.Rxc8+ Rxc8 33.Kc3 Rc7 
34.Rb5 Kh7 35.c5 Be8 36.Ra5 Bc6 37.Bd5 Bd7 38.Kc4 g5 39.Ra6 Kg7 40.Rb6 Bc8
41.c6 h5 42.Kc5 Kf8 43.Kd6 Re7 44.Rb8 Re8 45.c7 Ba6 46.Bb7 Bxb7 47.Rxb7 
1-0

[Event "XIV American Continental"]
[Site "Sao Paulo BRA"]
[Date "2019.07.09"]
[Round "7.100"]
[White "Ferreira, Jose Carlos"]
[Black "Reyes, Jesus"]
[Result "0-1"]
[WhiteElo "1835"]
[BlackElo "1354"]
[EventDate "2019.07.05"]
[PlyCount "76"]
[EventRounds "11"]
[EventCountry "BRA"]

1.d4 Nf6 2.c4 c5 3.Nf3 g6 4.e3 Bg7 5.Nc3 cxd4 6.exd4 d5 7.h3 O-O 8.Be3 
dxc4 9.Bxc4 e6 10.O-O b6 11.Qe2 Bb7 12.Rad1 Nd5 13.Bg5 Nxc3 14.bxc3 Qc7 
15.Rc1 Nd7 16.Bd3 Rac8 17.Be3 e5 18.Nxe5 Nxe5 19.dxe5 Qxe5 20.Bd4 Qd5 21.
f3 Bxd4+ 22.cxd4 Qxd4+ 23.Kh1 Rce8 24.Qc2 Rc8 25.Qb3 Rfd8 26.Rxc8 Rxc8 27.
Qb1 Rc3 28.Rd1 Qe3 29.Bf1 Bc8 30.Qb2 h6 31.Rd8+ Kh7 32.Rf8 Be6 33.Rd8 Qc1 
34.Qf2 Rc2 35.Qg1 Rxa2 36.Kh2 Qf4+ 37.Kh1 Ra1 38.g3 Qxf3+ 0-1

[Event "XIV American Continental"]
[Site "Sao Paulo BRA"]
[Date "2019.07.09"]
[Round "7.101"]
[White "Haraguchi, Matheus Sashaki"]
[Black "Azevedo, Eduardo Jose Estevao de"]
[Result "0-1"]
[WhiteElo "1555"]
[BlackElo "1738"]
[EventDate "2019.07.05"]
[PlyCount "86"]
[EventRounds "11"]
[EventCountry "BRA"]

1.c4 e6 2.g3 f5 3.Bg2 Nf6 4.Nc3 d5 5.d4 c6 6.b3 Bd6 7.Nf3 Nbd7 8.O-O O-O 
9.Bb2 Ne4 10.Nxe4 fxe4 11.Nd2 Nf6 12.e3 Bd7 13.Rc1 Be8 14.Qc2 Bg6 15.a3 a5
16.c5 Bc7 17.b4 axb4 18.axb4 Qe7 19.Ra1 e5 20.Nb3 Ng4 21.Rxa8 Rxa8 22.Ra1 
Rf8 23.Rf1 exd4 24.Bxd4 Ne5 25.Bxe5 Bxe5 26.Qa2 Bh5 27.Rb1 Qf6 28.Na5 Bf3 
29.Nxb7 Bxg2 30.Kxg2 Qf3+ 31.Kg1 h5 32.h4 Bxg3 33.fxg3 Qxg3+ 34.Qg2 Qxe3+ 
35.Kh1 Rf2 36.Rb3 Qe1+ 37.Kh2 Rxg2+ 38.Kxg2 Qd2+ 39.Kg3 e3 40.Nd8 Qf2+ 41.
Kh3 e2 42.Rb2 Qf3+ 43.Kh2 e1=Q 0-1

[Event "XIV American Continental"]
[Site "Sao Paulo BRA"]
[Date "2019.07.09"]
[Round "7.102"]
[White "Japiassu, Glauco Antonio Bezerra"]
[Black "Nobre, Jailson Altair Barbosa"]
[Result "1-0"]
[WhiteElo "1526"]
[BlackElo "1692"]
[EventDate "2019.07.05"]
[PlyCount "79"]
[EventRounds "11"]
[EventCountry "BRA"]

1.d4 Nf6 2.Bf4 e6 3.e3 Be7 4.h3 O-O 5.Nf3 b6 6.c3 Bb7 7.Nbd2 d6 8.Bd3 c5 
9.O-O Qc7 10.Rc1 Nbd7 11.Re1 e5 12.dxe5 dxe5 13.Bh2 Bd6 14.Nc4 Rfe8 15.
Nxd6 Bxf3 16.Nxe8 Rxe8 17.Qxf3 Qd6 18.Bb5 Qe6 19.Bxd7 Nxd7 20.c4 e4 21.Qf4
Nf6 22.Red1 h6 23.b3 Nh5 24.Qg4 Qxg4 25.hxg4 Nf6 26.g5 hxg5 27.Rd6 Kh7 28.
Rcd1 Re7 29.Kf1 Kg6 30.Ke2 Kh5 31.f3 exf3+ 32.gxf3 Kh4 33.Rd8 Kh5 34.Rc8 
Kg6 35.Rc7 Re8 36.Kf2 g4 37.Rd6 gxf3 38.Kxf3 Rh8 39.Be5 a5 40.Rxb6 1-0